000 00441pab a2200169 454500
008 180718b2012 xxu||||| |||| 00| 0 eng d
100 _aVyas, V.S.
245 _aChallenge of transforming indian agriculture
260 _c2012
300 _ap.11-25.
362 _aJul-Dec
650 _aAgriculture - India
650 _aAgriculture
773 _aIASSI Quarterly - Contribution to Indian Social Science
908 _aN
909 _a98422
999 _c98421
_d98421